Газовая атака, или Осторожно, газы!; Бюллетень сибирской медицины; Т. 9, № 6

Dades bibliogràfiques
Parent link:Бюллетень сибирской медицины: научный журнал.— , 2001-
Т. 9, № 6.— 2010.— [С. 160-164]
Autor principal: Баскаков М. Б. Михаил Борисович
Altres autors: Юсубов М. С. Мехман Сулейман-оглы (Сулейманович)
Sumari:Заглавие с экрана
В статье даются современные представления о газовой коммуникации в гладкомышечных клетках, рассмотрены основные механизмы действия газотрансмиттеров, анализируются различные взгляды на природу эндотелиального релаксирующего и эндотелиального гиперполяризующего факторов. Обсуждаются дискуссионные вопросы механизмов эндотелий-зависимого расслабления гладких мышц сосудов.
The article contains the current understanding of gas communication in smooth muscle cells, the basic mechanisms of action of gaseous transmitters, analyzes the different views on the nature of the endothelial relaxing and endothelial hyperpolarizing factors. We discuss the controversial issues of the mechanisms of endothelium-dependent relaxation of vascular smooth muscle.
Режим доступа: по договору с организацией-держателем ресурса
Idioma:rus
Publicat: 2010
Matèries:
Accés en línia:http://old.ssmu.ru/bull/10/06/27.pdf
http://elibrary.ru/item.asp?id=15565947
Format: Electrònic Capítol de llibre
KOHA link:https://koha.lib.tpu.ru/cgi-bin/koha/opac-detail.pl?biblionumber=646919

MARC

LEADER 00000naa0a2200000 4500
001 646919
005 20250203134917.0
035 |a (RuTPU)RU\TPU\network\12056 
035 |a RU\TPU\network\12055 
090 |a 646919 
100 |a 20160319d2010 k||y0rusy50 ca 
101 0 |a rus 
102 |a RU 
135 |a drcn ---uucaa 
181 0 |a i  
182 0 |a b 
200 1 |a Газовая атака, или Осторожно, газы!  |d Gas attack or gently, the gases!  |f М. Б. Баскаков, М. С. Юсубов 
203 |a Текст  |c электронный 
300 |a Заглавие с экрана 
320 |a [Библиогр.: с. 164 (20 назв.)] 
330 |a В статье даются современные представления о газовой коммуникации в гладкомышечных клетках, рассмотрены основные механизмы действия газотрансмиттеров, анализируются различные взгляды на природу эндотелиального релаксирующего и эндотелиального гиперполяризующего факторов. Обсуждаются дискуссионные вопросы механизмов эндотелий-зависимого расслабления гладких мышц сосудов. 
330 |a The article contains the current understanding of gas communication in smooth muscle cells, the basic mechanisms of action of gaseous transmitters, analyzes the different views on the nature of the endothelial relaxing and endothelial hyperpolarizing factors. We discuss the controversial issues of the mechanisms of endothelium-dependent relaxation of vascular smooth muscle. 
333 |a Режим доступа: по договору с организацией-держателем ресурса 
461 |t Бюллетень сибирской медицины  |o научный журнал  |d 2001- 
463 |t Т. 9, № 6  |v [С. 160-164]  |d 2010 
510 1 |a Gas attack or gently, the gases!  |z eng 
610 1 |a труды учёных ТПУ 
610 1 |a электронный ресурс 
610 1 |a гладкие мышцы 
610 1 |a внутриклеточная сигнализация 
610 1 |a газотрансмиттеры 
610 1 |a вазорелаксация 
610 1 |a smooth muscle 
610 1 |a intracellular signaling 
610 1 |a gaseous transmitters 
610 1 |a endothelial relaxing factor 
610 1 |a endothelial hyperpolarizing factor 
610 1 |a vascular relaxation 
700 1 |a Баскаков  |b М. Б.  |c физик  |c профессор Томского политехнического университета  |f 1949-  |g Михаил Борисович  |9 14636 
701 1 |a Юсубов  |b М. С.  |c химик  |c профессор Томского политехнического университета, доктор химических наук  |f 1961-  |g Мехман Сулейман-оглы (Сулейманович)  |3 (RuTPU)RU\TPU\pers\28058  |9 13020 
801 2 |a RU  |b 63413507  |c 20160321  |g RCR 
856 4 0 |u http://old.ssmu.ru/bull/10/06/27.pdf 
856 4 |u http://elibrary.ru/item.asp?id=15565947 
942 |c CF